Score 0/34 Timer 06:00
0 Plays Today
Who Did It First? A or B? % Correct
Journeyed into space:
A) Neil Armstrong or B) Yuri Gagarin
???
78%
Played James Bond:
A) Timothy Dalton or B) Pierce Brosnan
???
77.2%
Appeared in a comic book:
A) Superman or B) Batman
???
76.3%
Republican elected as president:
A) Lincoln or B) McKinley
???
74.3%
Debuted on TV:
A) Fred Flintstone or B) George Jetson
???
74.1%
Headlined a Disney feature film:
A) Cinderella or B) Peter Pan
???
71.8%
Won a World Series title:
A) Boston Red Sox or B) New York Yankees
???
71.3%
Became Heavyweight Boxing champ:
A) George Foreman or B) Joe Frazier
???
70.8%
Appeared in advertising:
A) Tony the Tiger or B) Cap'n Crunch
???
70.5%
Won an Olympic gold medal:
A) Peggy Fleming or B) Dorothy Hamill
???
69.1%
Won two Masters golf titles:
A) Jack Nicklaus or B) Arnold Palmer
???
66.7%
Guest hosted the Tonight Show:
A) David Letterman or B) Jay Leno
???
65.7%
Served as Roman Emperor:
A) Augustus or B) Nero
???
65.1%
Became leader of the Soviet Union:
A) Brezhnev or B) Khrushchev
???
64.9%
Became Time's Person of the Year:
A) Hitler or B) Stalin
???
64%
Won a Super Bowl:
A) Raiders or B) Redskins
???
63.7%
Starred in a feature film:
A) Eddie Murphy or B) Steve Martin
???
63%
Who Did It First? A or B? % Correct
Served as US President:
A) James Polk or B) James Buchanan
???
61.6%
Won a Nobel Prize:
A) Ivan Pavlov or B) Albert Einstein
???
60.4%
Became King of England:
A) Henry VIII or B) Richard I
???
59.8%
Married Elizabeth Taylor:
A) Eddie Fisher or B) Richard Burton
???
58.9%
Won the NCAA Men's Basketball tourney:
A) Duke or B) North Carolina
???
58%
Died in the Harry Potter books series:
A) Mad-Eye Moody or B) Peter Pettigrew
???
57.5%
Appeared on The Simpsons:
A) Paul McCartney or B) Ringo Starr
???
57.4%
Appeared in an arcade game:
A) Frogger or B) Pac-Man
???
55.2%
Published a novel:
A) E. Hemingway or B) F.S. Fitzgerald
???
54.5%
Released a solo album:
A) George Harrison or B) John Lennon
???
54.4%
Won a Wimbledon singles title:
A) Andre Agassi or B) Pete Sampras
???
54.1%
Played Doctor Who:
A) Colin Baker or B) Tom Baker
???
52.3%
Won a Best Director Academy Award:
A) Kevin Costner or B) Steven Spielberg
???
49.1%
Had a Billboard #1 hit:
A) Simon & Garfunkel or B) Sonny & Cher
???
48.3%
Won a Best Actress Academy Award:
A) Bette Davis or B) Katharine Hepburn
???
44.9%
Launched a clothing business:
A) Calvin Klein or B) Ralph Lauren
???
44.5%
Won a Best Actor Academy Award:
A) Robert De Niro or B) Henry Fonda
???
44.5%
Remove Ads.
Support Sporcle.
Get the best of Sporcle when you Go Orange. This ad-free experience offers more features, more stats, and more fun while also helping to support Sporcle. Thank you for becoming a member.

You're not logged in!

Compare scores with friends on all Sporcle quizzes.
OR
Log In

Show Comments

Extras

Top Quizzes Today


Score Distribution

Your Account Isn't Verified!

In order to create a playlist on Sporcle, you need to verify the email address you used during registration. Go to your Sporcle Settings to finish the process.

Report this User

Report this user for behavior that violates our Community Guidelines.

Details: